Financial Management (Record no. 5372)

MARC details
000 -LEADER
fixed length control field 00316nam a2200145Ia 4500
003 - CONTROL NUMBER IDENTIFIER
control field OSt
008 - FIXED-LENGTH DATA ELEMENTS--GENERAL INFORMATION
fixed length control field 191201s2019 xx 000 0 und d
082 ## - DEWEY DECIMAL CLASSIFICATION NUMBER
Classification number 658.15
Item number BEF
100 ## - MAIN ENTRY--PERSONAL NAME
Personal name BERK,Jonathan
245 #0 - TITLE STATEMENT
Title Financial Management
260 ## - PUBLICATION, DISTRIBUTION, ETC. (IMPRINT)
Place of publication, distribution, etc New Delhi
Name of publisher, distributor, etc Pearson
300 ## - PHYSICAL DESCRIPTION
Extent 595
650 ## - SUBJECT ADDED ENTRY--TOPICAL TERM
Topical term or geographic name as entry element MBA
942 ## - ADDED ENTRY ELEMENTS (KOHA)
Source of classification or shelving scheme Dewey Decimal Classification
Koha item type Text Books
Holdings
Withdrawn status Lost status Source of classification or shelving scheme Damaged status Not for loan Collection code Home library Current library Date acquired Source of acquisition Cost, normal purchase price Bill Number Total Checkouts Full call number Acc. no. / Barcode Date last seen Bill Date Koha item type Date last borrowed Checked out Public note
    Dewey Decimal Classification     MBA PIET C-LIBRARY PIET C-LIBRARY 16/07/2012 IBH, New Delhi 650.00 5677   658.15 BEF 20154 04/12/2019 14/07/2012 Text Books      
    Dewey Decimal Classification     MBA PIET C-LIBRARY PIET C-LIBRARY 16/07/2012 IBH, New Delhi 650.00 5677   658.15 BEF 20155 04/12/2019 14/07/2012 Text Books      
    Dewey Decimal Classification     MBA PIET C-LIBRARY PIET C-LIBRARY 16/07/2012 IBH, New Delhi 650.00 5677 1 658.15 BEF 20156 28/03/2023 14/07/2012 Text Books 11/03/2023    
    Dewey Decimal Classification     MBA PIET C-LIBRARY PIET C-LIBRARY 16/07/2012 IBH, New Delhi 650.00 5677   658.15 BEF 20157 04/12/2019 14/07/2012 Text Books      
    Dewey Decimal Classification     MBA PIET C-LIBRARY PIET C-LIBRARY 16/07/2012 IBH, New Delhi 650.00 5677 1 658.15 BEF 20158 27/03/2023 14/07/2012 Text Books 11/03/2023    
    Dewey Decimal Classification     MBA PIET C-LIBRARY PIET C-LIBRARY 16/07/2012 IBH, New Delhi 650.00 5677 1 658.15 BEF 20159 22/01/2022 14/07/2012 Text Books 22/01/2022 21/07/2022 .
    Dewey Decimal Classification     MBA PIET C-LIBRARY PIET C-LIBRARY 16/07/2012 IBH, New Delhi 650.00 5677 1 658.15 BEF 20160 23/12/2022 14/07/2012 Text Books 23/12/2022    

Design & Developed by: PIET Central Library
R70 Miles Stone Pattikalyana Samalkha Panipat 132102
mail ID :- [email protected], Phone No:- 0180-2569700 Ex.216